Toronto Maple Leafs Top Point Leaders All Time - Statistics

General Stats
  • This quiz has been taken 55 times
  • The average score is 13 of 24
Answer Stats
Points Answer % Correct
987 Mats Sundin
98%
780 * Auston Matthews
95%
741 Mitch Marner
93%
564 * John Tavares
86%
691 * William Nylander
84%
452 Doug Gilmour
82%
916 Darryl Sittler
73%
441 Wendel Clark
73%
768 Borje Salming
70%
549 * Morgan Rielly
66%
858 Dave Keon
64%
458 Tim Horton
57%
537 Rick Vaive
48%
459 Lanny McDonald
45%
713 George Armstrong
43%
597 Frank Mahovlich
39%
520 Tomas Kaberle
36%
432 Syl Apps
32%
560 Ted Kennedy
30%
640 Ron Ellis
25%
414 Ian Turnbull
23%
407 Gary Leeman
18%
471 Norm Ullman
16%
563 Bob Pulford
9%
No matching quizzes found
Score Distribution
Percent of People with Each Score
Percentile by Number Answered
Your Score History
You have not taken this quiz